Pig gets stuck / (Record no. 4768)

MARC details
000 -LEADER
fixed length control field 01216nam a22002897a 4500
001 - CONTROL NUMBER
control field 4768
003 - CONTROL NUMBER IDENTIFIER
control field FISKH
005 - DATE AND TIME OF LATEST TRANSACTION
control field 20241009161238.0
008 - FIXED-LENGTH DATA ELEMENTS--GENERAL INFORMATION
fixed length control field 241009b cb ||||| |||| 00| 0 eng d
020 ## - INTERNATIONAL STANDARD BOOK NUMBER
International Standard Book Number 9780746060469
040 ## - CATALOGING SOURCE
Original cataloging agency FISKH
Language of cataloging eng
Transcribing agency FISKH
Modifying agency FISKH
050 ## - LIBRARY OF CONGRESS CALL NUMBER
Classification number PZ7.A514
082 ## - DEWEY DECIMAL CLASSIFICATION NUMBER
Classification number 823.92
100 ## - MAIN ENTRY--PERSONAL NAME
Personal name Amery, Heather
245 ## - TITLE STATEMENT
Title Pig gets stuck /
Statement of responsibility, etc. Heather Amery Illustrated by Stephen Cartwright Language consultants : Betty Root Series editor : Jenny Tyler
250 ## - EDITION STATEMENT
Edition statement This edition first published in 2004
260 ## - PUBLICATION, DISTRIBUTION, ETC.
Place of publication, distribution, etc. London :
Name of publisher, distributor, etc. Usborne Farmyard,
Date of publication, distribution, etc. 2004.
300 ## - PHYSICAL DESCRIPTION
Extent 15 pages :
Other physical details Color illustrations ;
Dimensions 21 cm
505 ## - FORMATTED CONTENTS NOTE
Formatted contents note J<br/>
520 ## - SUMMARY, ETC.
Summary, etc. Curly the pig is stuck: will Mrs Boot be able to get him out? A well-loved story set on Apple Tree Farm featuring Mrs Boot the farmer, her children Poppy and Sam, and a menagerie of friendly animals including Curly the pig, Woolly the sheep and Rusty the dog. See if you can spot the Usborne Little Yellow Duck who is hiding on each page!
521 8# - TARGET AUDIENCE NOTE
Target audience note 460L<br/>
Source Lexile<br/>
521 8# - TARGET AUDIENCE NOTE
Target audience note J<br/>
Source Raz-Plus<br/>
650 ## - SUBJECT ADDED ENTRY--TOPICAL TERM
Source of heading or term Farm animals
Topical term or geographic name entry element Pigs
650 ## - SUBJECT ADDED ENTRY--TOPICAL TERM
Source of heading or term Easy reader
Topical term or geographic name entry element Breakfast
700 ## - ADDED ENTRY--PERSONAL NAME
Personal name Cartwright, Stephen
Dates associated with a name Illustrator
942 ## - ADDED ENTRY ELEMENTS (KOHA)
Source of classification or shelving scheme Dewey Decimal Classification
Koha item type Books
Suppress in OPAC No
Holdings
Withdrawn status Lost status Source of classification or shelving scheme Damaged status Not for loan Collection Home library Current library Shelving location Date acquired Total Checkouts Full call number Barcode Date last seen Date last checked out Copy number Price effective from Koha item type
    Dewey Decimal Classification     Fiction Footprints International School Library Network Toul Kork Campus Footprints International School Library Network Toul Kork Campus TK Primary Library Room(4th Floor), Bookcase 1&2, Shelves 1-16, Dark Blue Books 10/09/2024 2 AME 823.92 PZ7.A514 2024-2112 03/26/2026 03/19/2026 1 10/09/2024 Books
    Dewey Decimal Classification     Fiction Footprints International School Library Network Toul Kork Campus Footprints International School Library Network Toul Kork Campus TK Primary Library Room(4th Floor), Bookcase 1&2, Shelves 1-16, Dark Blue Books 11/04/2024 2 AME 823.92 PZ7.A514 2024-2276 10/02/2025 09/18/2025 2 11/04/2024 Books